000 00755nam a22002297a 4500
999 _c17096
_d17096
003 AR-CdUCM
008 190507b ||||| |||| 00| 0 spa d
040 _aMUNICIPALIDAD PROVINCIAL DEL CUSCO
_cBIBLIOTECA MUNICIPAL DEL CUSCO
082 _a869.3 /
_bG22
100 _aGarcia Huidobro, Andrés
_910174
245 _aInterdiccion cuentos /
260 _aChile :
_bUniversitaria,
_c1989.
300 _a185 paginas ;
_c19 cm.
500 _aDedicatoria
505 _aContenido : El rostro de los muertos -- Sucede -- El jefe -- Pescadores mirones -- El accidente...
650 _aCuentos
_9312
650 _aChile
_91150
650 _aCuentos Chilenos
_912280
650 _aLiteratura Chilena
_92985
942 _2ddc
_cLIBROS
945 _awnts
_d2019-05-7